000 00812nam a2200217 a 4500
001 000039378
005 20201002031624.0
008 130625s1985 sp 000 0 spa d
020 _a8400060067
040 _aDO-SdBNP
_bspa
_cBNPHU
100 1 _aaIbn Ezra,
_965583
240 1 0 _aMuòh¯aòdarah wa-al-mudh¯akarah.
_lSpanish & Arabic
245 1 0 _aKitab al-muhadara Wal-Mudakara /
_caIbn Ezra ; edición Montserrat Abumalhan Mas.
260 _aMadrid :
_bConsejo Superior de Investigaciones Científicas,
_c1985.
300 _av. ;
_c23 cm.
490 1 _aLiteratura hispano-hebrea
_v3
500 _aLa biblioteca posee el v. 1-2
700 1 _aAbumalhan Mas, Montserrat
_965584
710 2 _aConsejo Superior de Investigaciones Científicas (España)
_915178
830 0 _aLiteratura hispano-hebrea
_v3-4
_965406
999 _c38868
_d38868